000 00863nam a2200193Ia 4500
008 151121s9999||||xx |||||||||||||| ||und||
082 _a621।3841/सोहोनी
082 _bHNW-42311
100 _aसोहोनी श्री। वि।
245 _aध्वनिवर्धन आणि वितरण व्यवस्था
260 _b"महाराष्ट्र राज्य साहित्य-संस्कृति मंडळ, मुंबई"
260 _c--
300 _a127
600 _aसोहोनी श्री। वि।
630 _aध्वनिवर्धन आणि वितरण व्यवस्था
700 _aसोहोनी श्री। वि।
730 _aध्वनिवर्धन आणि वितरण व्यवस्था
942 _cBOOK
999 _c1230964
_d1230961